| 000 | 01765cam a2200313 i 4500 | ||
|---|---|---|---|
| 001 | 264 | ||
| 003 | CO-MdFUSB | ||
| 005 | 20221001115042.0 | ||
| 008 | 221001t1984 sp ||||| |||| 00| 0 spa d | ||
| 020 | _a84-86067-09-X | ||
| 040 |
_bspa. _aCO-MdFUSB _cCO-MdFUSB _dCO-MdFUSBC _erda |
||
| 041 | _aspa | ||
| 082 | 0 | 4 |
_aR 296.14 _bP9449 v1 |
| 100 | _eautor | ||
| 245 | 1 | 0 |
_aLos capítulos de Rabbí Eliezer : Pirqê Rabbí Eli'ezer / _bVersión crítica, introducción y notas por : Miguel Pérez Fernández _c/ |
| 264 | 1 |
_aValencia, España : _bInstitución San Jerónimo, _c[1984] |
|
| 264 | 4 | _c© 1984 | |
| 300 |
_a444 Páginas _c; |
||
| 336 |
_2rdacontent _atexto _btxt |
||
| 337 |
_2rdamedia _asin mediación _bn |
||
| 338 |
_2rdacarrier _avolumen _bnc |
||
| 501 | _arústico | ||
| 505 | _aAntes de la creación del mundo. El segundo, tercer, cuarto, quinto y sexto día de la creación -- El midrás sobre la luna nueva -- El secreto de la intercalación -- Midrás de Jonás -- Adán y Eva en el paraíso -- Las obras de misericordia: enterrar a los muertos y consolar a los dolientes -- El sábado -- Concepción y nacimiento de Caín y Abel -- Construcción del arca y reunión de las especies -- Las diez pruebas que Abraham superó -- Las seis personas que fueron nombradas por sus nombres antes de nacer -- La resurrección de los muertos -- Jacob y Labán -- La salida de Egipto -- El poder de la conversión -- El memorial de Amaleq -- Moisés rompe las primeras tablas --- Israel y Madián -- El exilio de Babilonia -- Ester, Mardoqueo y el impío Amán -- Las siete maravillas del mundo -- La calumnia y la murmuración (...) | ||
| 653 | _aJudaísmo | ||
| 653 | _aMídras | ||
| 653 | _aCrítica | ||
| 942 | _cBK | ||
| 945 | _aEstudiante | ||
| 999 |
_c31801 _d31801 |
||